00568 2200193 4500001002100000008004100021035002000062245010300082100002200185250001000207260004400217300002300261020002200284084001600306082001000322650002000332990001100352990001100363INLIS000000000014787 ind  a0010-1022000105 aThe Magnificent Sulaiman Al- Qanuni: Sultan penakluk tiga benuacRachmad Abdullah,editor; Muttaqin aRACHMAD, Abdullah acet.1 aSukoharjo :bAl- Wafi Publishing,c2018 aii,57 hlm.c23 cm. a978-979-1093-50-7 a297.9 RAC m a297.9 aISLAM, BIOGRAFI a9642 a a9642 b